书目信息 |
| 题名: |
论无产阶级政党
|
|
| 作者: | 赵永学 著 | |
| 分册: | ||
| 出版信息: | 郑州 河南人民出版社 1982 |
|
| 页数: | 89页 | |
| 开本: | 19cm | |
| 丛书名: | 政治理论基础知识丛书 | |
| 单 册: | ||
| 中图分类: | D053 | |
| 科图分类: | ||
| 主题词: | 工人政党--理论 | |
| 电子资源: | ||
| ISBN: | ||
| 000 | 00718nam2 2200265 45 | |
| 001 | 0182008725 | |
| 005 | 20060820145625.82 | |
| 010 | @dCNY0.24 | |
| 091 | @a3105.412 | |
| 100 | @a19950524d1982 em y0chiy0121 ea | |
| 101 | 0 | @achi |
| 102 | @aCN@b410000 | |
| 105 | @ay z 000yy | |
| 200 | 10 | @a论无产阶级政党@Alun wu chan jie ji zheng dang@f赵永学著@FZhao Yong XueZhu |
| 205 | @a2版@b修订本 | |
| 210 | @a郑州@c河南人民出版社@d1982 | |
| 215 | @a89页@d19cm | |
| 225 | 2 | @a政治理论基础知识丛书 |
| 410 | 0 | @120010@a政治理论基础知识丛书 |
| 606 | @a工人政党@x理论 | |
| 690 | @aD053@v3 | |
| 701 | 0 | @a赵永学@4著 |
| 801 | 2 | @aCN@bNLC@c20060820 |
| 801 | 0 | @aCN@b上海图书馆@c20040429 |
| 905 | @dD053@e1@f1@b89288 | |
| 论无产阶级政党/赵永学著.-2版,修订本.-郑州:河南人民出版社,1982 |
| 89页;19cm.-(政治理论基础知识丛书) |
| ISBN :CNY0.24 |
| ● |
| 相关链接 |
|
|
|
|
正题名:论无产阶级政党
索取号:D053/1
 
预约/预借
| 序号 | 登录号 | 条形码 | 馆藏地/架位号 | 状态 | 备注 |
| 1 | 0089284 | 001837908 | 密集书库/ [索取号:D053/1] | 在馆 | |
| 2 | 0089285 | 001020077 | 密集书库/ [索取号:D053/1] | 在馆 | |
| 3 | 0089286 | 001837944 | 密集书库/ [索取号:D053/1] | 在馆 | |
| 4 | 0089287 | 001020095 | 第一借阅区/ [索取号:D053/1] | 在馆 | |
| 5 | 0089288 | 001020086 | 第一样本阅览室/ [索取号:D053/1] | 在馆 | |
| 6 | 0471675 | 204716753 | 密集书库/ [索取号:D053/1] | 在馆 |